000 00410 a2200169 4500
001 126023
020 _a9788516097509
040 _cEscola Canadense de Niteroi
100 _aDébora Vaz
245 1 0 _aPresente Língua Portuguesa 4° Ano: Caderno de Atividades
250 _a4 ed.
260 _aSão Paulo
362 0 _a2015
490 0 _aProjeto Presente
650 4 _aLíngua Portuguesa
942 _cBK
999 _c126023
_d126023